01554 a2200241 4500003000500000005001700005010001700022020001500039040000900054082001600063100003600079245010800115260003400223300003400257505056200291650003500853856009800888856009000986856007801076942001301154999001901167952012601186Nust20220802124558.0 a 2003063761 a0471467375 cNust00a621.301,ZAR1 aZarowski, Christopher J.95570013aAn introduction to numerical analysis for electrical and computer engineers /cChristopher J. Zarowski. aHoboken, NJ :bWiley,cc2004. axvi, 586 p. :bill. ;c24 cm. aFunctional Analysis Ideas (Page-1), Number Representations (Page-38), Sequences and Series (Page-63), Linear Systems of Equations (Page-127), Orthogonal Polynomials (Page-207), Interpolation (Page- 251), Nonlinear Systems of Equations (Page-290), Unconstrained Optimization (Page-341), Numerical Integration and Differentiation (Page-369), Numerical Solution of Ordinary Differential Equations (Page-415), Numerical Methods for Eigenproblems (Page-480), Numerical Solution of Partial Differential Equations (Page-525), An Introduction to MATLAB (Page-565), 0aTelecommunication Engineering.423Contributor biographical informationuhttp://www.loc.gov/catdir/bios/wiley046/2003063761.html423Publisher descriptionuhttp://www.loc.gov/catdir/description/wiley041/2003063761.html423Table of contentsuhttp://www.loc.gov/catdir/toc/wiley041/2003063761.html cREF2ddc c175544d175544 00102ddc4070aMCSbMCScREFd2016-12-12o621.301,ZARpMCS30605r2016-12-08w2016-12-12yREFzAlmirah No.20, Shelf No.2